| 000 | 01155cam a22002651i 4500 | ||
|---|---|---|---|
| 003 | SA-RiAUC | ||
| 005 | 20251022074510.0 | ||
| 008 | 251020s2011 ua g 00010 ara c | ||
| 020 | _a9773423883 | ||
| 040 |
_aSA-RiAUC _bara _cSA-RiAUC _erda |
||
| 082 | 0 | 4 |
_a219.1 _qSA-RiAUC |
| 090 |
_a219.1 _bا ب و س |
||
| 100 | 1 |
_aأبو سليمان، عبد الحميد أحمد، _d1355-1443 هجري _eمؤلف. |
|
| 245 | 1 | 2 |
_aالإصلاح الإسلامي المعاصر : _bقراءات منهجية اجتماعية / _cعبد الحميد أحمد أبو سليمان. |
| 250 | _aالطبعة الثالثة، مزيدة ومنقحة. | ||
| 264 | 1 |
_aالقاهرة ؛ _aالإسكندرية، مصر : _bدار السلام للطباعة والنشر والتوزيع والترجمة، _c2011 |
|
| 300 |
_a208 صفحة ؛ _c17 × 24 سم |
||
| 336 |
_aنص _btxt _2rdacontent _3كتاب |
||
| 337 |
_aبدون وسيط _bn _2rdamedia |
||
| 338 |
_aمجلد _bnc _2rdacarrier |
||
| 500 | _aغلاف. | ||
| 650 | 7 |
_aالإسلام والإصلاح الاجتماعي _2aucsh |
|
| 942 |
_2ddc _cBOOK _n0 |
||
| 949 |
_aSA-JeALM _d251020 _umohamedma123 _n1 |
||
| 999 |
_c12693 _d12693 |
||